Loading...
| Any History | 7 | 12.86 | 100% | 29% | 0% |
| Current Events | 2 | 20.00 | 100% | 100% | 0% |
| Fine Arts - Classical Music | 6 | 11.67 | 100% | 17% | 0% |
| Fine Arts - Other | 9 | 12.22 | 100% | 11% | 11% |
| Geography | 5 | 18.00 | 100% | 60% | 20% |
| History - American | 6 | 16.67 | 100% | 50% | 17% |
| History - European | 7 | 20.00 | 100% | 86% | 14% |
| History - World | 6 | 13.33 | 100% | 33% | 0% |
| Literature - American | 9 | 11.11 | 100% | 11% | 0% |
| Literature - British | 8 | 13.75 | 88% | 50% | 0% |
| Literature - European | 8 | 12.50 | 100% | 25% | 0% |
| Literature - World | 7 | 11.43 | 100% | 14% | 0% |
| Mythology | 5 | 14.00 | 100% | 40% | 0% |
| Other Academic | 4 | 17.50 | 100% | 75% | 0% |
| Painting & Sculpture | 8 | 20.00 | 100% | 100% | 0% |
| Philosophy | 6 | 15.00 | 100% | 50% | 0% |
| Religion | 8 | 15.00 | 100% | 50% | 0% |
| Science - Biology | 8 | 12.50 | 100% | 13% | 13% |
| Science - Chemistry | 6 | 13.33 | 100% | 33% | 0% |
| Science - Other | 11 | 12.73 | 82% | 46% | 0% |
| Science - Physics | 10 | 14.00 | 90% | 50% | 0% |
| Social Science | 7 | 18.57 | 100% | 86% | 0% |